000 00427nam a2200169Ia 4500
001 23403
003 IN-NITTTR
005 20251114233303.0
008 251113s9999||||xx |||||||||||||| ||eng||
040 _beng
040 _cIN-NITTTR
041 _aeng
082 _a658.4063 R541P
100 _aRoberts, Lon
245 0 _aProcess reengineering :
_b the key to achiving breakthrough success /
_cRoberts, Lon
942 _2ddc
_cBK
999 _c26032
_d26032